| 000 | 01435cam a2200337 a 4500 | ||
|---|---|---|---|
| 001 | 13373758 | ||
| 003 | OSt | ||
| 005 | 20150408113722.0 | ||
| 008 | 031015s2004 nyua 001 0 eng | ||
| 010 | _a 2003066645 | ||
| 020 | _a0072830549 (pbk. : acidfree paper) | ||
| 040 |
_aDLC _cDLC _dDLC |
||
| 050 | 0 | 0 |
_aZ52.5.M52 _bH324 2004 |
| 082 | 0 | 0 |
_a005.52 _222 |
| 100 | 1 |
_aHaag, Stephen. _94023 |
|
| 245 | 1 | 0 |
_aMicrosoft Office Word 2003, complete / _cStephen Haag, James Perry, Paige Baltzan. |
| 260 |
_aNew York : _bMcGraw-Hill Technology Education, _cc2004. |
||
| 300 |
_a1 v. (various pagings) : _ccol. ill. ; _c28 cm. |
||
| 440 | 4 |
_aThe I-series _94989 |
|
| 500 | _aIncludes index. | ||
| 630 | 0 | 0 |
_aMicrosoft Word. _94250 |
| 650 | 0 | _aWord processing. | |
| 700 | 1 |
_aPerry, James T. _94993 |
|
| 700 | 1 |
_aBaltzan, Paige. _94994 |
|
| 856 | 4 | 2 |
_3Publisher description _uhttp://www.loc.gov/catdir/description/mh051/2003066645.html |
| 856 | 4 | 1 |
_3Table of contents only _uhttp://www.loc.gov/catdir/enhancements/fy0615/2003066645-t.html |
| 856 | 4 | 2 |
_3Contributor biographical information _uhttp://www.loc.gov/catdir/enhancements/fy0737/2003066645-b.html |
| 906 |
_a7 _bcbc _corignew _d1 _eocip _f20 _gy-gencatlg |
||
| 942 |
_2ddc _cDVD |
||
| 999 |
_c701 _d235201 |
||